000 00464nam a22001817a 4500
003 NUST - PNEC
005 20170116181139.0
008 151007b xxu||||| |||| 00| 0 eng d
020 _a-
040 _cLIBRARY
082 _a954.0359 SER
100 _914491
_aSeervai, H. M.
245 _aPartition of India : legend and reality
_cH. M. Seervai
250 _a-
260 _cc.1989
650 _914492
_aPartition of India (1947)
_xGeneral
942 _2ddc
_cBK
999 _c70378
_d70378